<?xml version="1.0" encoding="UTF-8"?>
<record
    xmlns:xsi="http://www.w3.org/2001/XMLSchema-instance"
    xsi:schemaLocation="http://www.loc.gov/MARC21/slim http://www.loc.gov/standards/marcxml/schema/MARC21slim.xsd"
    xmlns="http://www.loc.gov/MARC21/slim">

  <leader>01709cam a22002771  4500</leader>
  <controlfield tag="001">rc 01003364 </controlfield>
  <controlfield tag="003">DLC</controlfield>
  <controlfield tag="005">20260227111909.0</controlfield>
  <controlfield tag="007">cr |||||||||||</controlfield>
  <controlfield tag="008">810826m18891899mdubfi        000 0 eng  </controlfield>
  <datafield tag="010" ind1=" " ind2=" ">
    <subfield code="a">rc 01003364 </subfield>
  </datafield>
  <datafield tag="040" ind1=" " ind2=" ">
    <subfield code="a">DLC</subfield>
    <subfield code="c">CarP</subfield>
    <subfield code="d">DLC</subfield>
  </datafield>
  <datafield tag="043" ind1=" " ind2=" ">
    <subfield code="a">n-us-md</subfield>
  </datafield>
  <datafield tag="050" ind1="0" ind2="0">
    <subfield code="a">F176</subfield>
    <subfield code="b">.M37 No. 28, 34, 35</subfield>
  </datafield>
  <datafield tag="051" ind1=" " ind2=" ">
    <subfield code="a">F184</subfield>
    <subfield code="b">.C16</subfield>
  </datafield>
  <datafield tag="245" ind1="0" ind2="4">
    <subfield code="a">The Calvert papers.</subfield>
    <subfield code="n">no. 1-3</subfield>
  </datafield>
  <datafield tag="260" ind1=" " ind2=" ">
    <subfield code="a">Baltimore</subfield>
    <subfield code="b">[J. Murphy &amp; co.,</subfield>
    <subfield code="b">printers]</subfield>
    <subfield code="c">1889-99.</subfield>
  </datafield>
  <datafield tag="300" ind1=" " ind2=" ">
    <subfield code="a">3 v.</subfield>
    <subfield code="b">plates, 2 fold. maps, 2 col. coats of arms (incl front. : v. 2)</subfield>
    <subfield code="c">25 cm.</subfield>
  </datafield>
  <datafield tag="505" ind1="0" ind2=" ">
    <subfield code="a">no. 1. The Calvert papers. With an account of their recovery, and presentation of the society, December 10th, 1888. Together with a calendar of the papers recovered, and selections from the papers. Address of A. Ritchie. Remarks of J.H.B. Latrobe. Report of M. Cohen. Remarks of W.H. Browne. Exemplification of the arms of Sir G. Calvert. The patent of nobility of George, lord Baltimore. The will of Sir G. Calvert, lord Baltimore. The inventory of the estate of the same. A calendar of the Calvert papers, by J.W.M. Lee. The Calvert papers First selection.--no. 2. Selections from correspondence, 1719-1765.--no. 3. "A briefe relation of the voyage unto Maryland" [by Andrew White] and other papers.</subfield>
  </datafield>
  <datafield tag="530" ind1=" " ind2=" ">
    <subfield code="a">Also available in digital form on the Library of Congress Web site.</subfield>
  </datafield>
  <datafield tag="651" ind1=" " ind2="0">
    <subfield code="a">Maryland</subfield>
    <subfield code="x">History</subfield>
    <subfield code="y">Colonial period, ca. 1600-1775</subfield>
    <subfield code="v">Sources.</subfield>
  </datafield>
  <datafield tag="700" ind1="1" ind2=" ">
    <subfield code="a">Lee, John Wesley Murray,</subfield>
    <subfield code="d">1848-1896 or 1897.</subfield>
  </datafield>
  <datafield tag="700" ind1="1" ind2=" ">
    <subfield code="a">White, Andrew,</subfield>
    <subfield code="d">1579-1656.</subfield>
  </datafield>
  <datafield tag="856" ind1="4" ind2="1">
    <subfield code="3">Volume 1</subfield>
    <subfield code="d">lhbcb</subfield>
    <subfield code="f">3364a</subfield>
    <subfield code="q">s</subfield>
    <subfield code="u">http://hdl.loc.gov/loc.gdc/lhbcb.3364a</subfield>
  </datafield>
  <datafield tag="856" ind1="4" ind2="1">
    <subfield code="3">Volume 3</subfield>
    <subfield code="d">lhbcb</subfield>
    <subfield code="f">3364b</subfield>
    <subfield code="q">s</subfield>
    <subfield code="u">http://hdl.loc.gov/loc.gdc/lhbcb.3364b</subfield>
  </datafield>
  <datafield tag="999" ind1=" " ind2=" ">
    <subfield code="c">52555</subfield>
    <subfield code="d">52555</subfield>
  </datafield>
</record>
